000 00387cam a22001097a 4500
008 180718b2002 xxu||||| |||| 00| 0 eng d
100 _aAcevedo, Gladys Lopez
245 _aTeachers's incentives and professional development in school in Mexico
_cby Gladys Lopez-Acevedo
260 _aWashington, D.C.
_bWorld Bank
_c2002
300 _a48p.
440 _aPolicy research working paper, no. 2777
999 _c287985
_d287985